000 00859nam a2200217Ia 4500
003 IN-BaIIA
008 211028s9999 xx 000 0 eng d
040 _cIIA Library
080 _a524.7
_bGAL-2
111 _aSummer Institute for Astronomy and Astrophysics
_cStony Brook, New York
_d1968
_98421
245 0 _aGalactic astronomy
_bvol. 2, proceedings of the summer institute for astronomy and astrophysics, held in Stony Brook, New York, June 19-July 17, 1968
_cedited by Hong-Yee Chiu and Amador Muriel
260 _aNew York
_bGordon and Breach Science
_c1970
300 _aix, 300p.
650 _a Galaxies 
_98422
650 _a Seyfert galaxies
_98423
650 _a Spiral galaxies 
_98424
650 _aAstronomy and astrophysics thesaurus 
_91143
700 _aChiu, Hong-Yee., ed.
_97278
700 _aMuriel, Amador., ed.
_97279
942 _cBK
999 _c4741
_d4741